[Event "ENCI Limburg-open B"]
[Site "Maastricht"]
[Date "2008.05.11"]
[Round "4"]
[White "Van Kesteren, Stef"]
[Black "Rieksen, Richard"]
[Result "1-0"]
[WhiteElo "1859"]
[BlackElo "1684"]
[PlyCount "83"]
[EventDate "2008.05.09"]
[EventType "swiss"]
[EventRounds "7"]
[EventCountry "NED"]
[Source "P.Boonen"]
[SourceDate "2010.01.01"]

1. e4 c5 2. c3 d6 3. Nf3 Nc6 4. d4 cxd4 5. cxd4 Nf6 6. Nc3 e6 7. Bd3 Be7 8. O-O
O-O 9. Be3 b6 10. Rc1 Bb7 11. a3 Rc8 12. b4 Kh8 13. h3 h6 14. Nd2 Nb8 15. Qe2
Nbd7 16. f4 Nh7 17. Rc2 e5 18. fxe5 dxe5 19. d5 Ndf6 20. Rfc1 Ne8 21. Ba6 Rb8
22. Bxb7 Rxb7 23. Qa6 Qb8 24. Nb5 Nd6 25. Nxd6 Bxd6 26. Nc4 Rd7 27. Nxd6 Qxd6
28. Rc8 f5 29. Rxf8+ Nxf8 30. Qc8 fxe4 31. Rc6 Qe7 32. Re6 Qd8 33. Qxd8 Rxd8
34. Rxe5 Ng6 35. Re6 Kh7 36. d6 Rd7 37. Kf2 Rf7+ 38. Ke2 Rd7 39. g3 Rd8 40. Bf4
Nf8 41. Re7 Rd7 42. Ke3 1-0

[Event "ENCI Limburg-open B"]
[Site "Maastricht"]
[Date "2008.05.11"]
[Round "4"]
[White "Van Meegen, Ruud"]
[Black "Sharifi Shamili, Ashkan"]
[Result "1-0"]
[WhiteElo "1688"]
[BlackElo "1356"]
[PlyCount "125"]
[EventDate "2008.05.09"]
[EventType "swiss"]
[EventRounds "7"]
[EventCountry "NED"]
[Source "P.Boonen"]
[SourceDate "2010.01.01"]

1. e4 d6 2. d4 g6 3. Bc4 Bg7 4. Be3 Nf6 5. f3 O-O 6. Nc3 Nbd7 7. Qe2 e5 8. d5
a6 9. g4 b5 10. Bb3 Nc5 11. h4 h5 12. gxh5 Nxh5 13. O-O-O Bd7 14. Qf2 Qe7 15.
Nce2 a5 16. a3 Rfb8 17. Ng3 a4 18. Ba2 b4 19. Nxh5 bxa3 20. Nxg7 axb2+ 21. Kb1
Kxg7 22. h5 g5 23. Qg2 Kh6 24. Nh3 f6 25. Bxc5 dxc5 26. Rdf1 Bxh3 27. Rxh3 Qd7
28. Qg4 Qxg4 29. fxg4 Ra6 30. Rc3 Rb4 31. Rc4 a3 32. Rf3 Rxc4 33. Bxc4 Ra4 34.
Bb3 Rxe4 35. Rxf6+ Kg7 36. Rf1 c4 37. Ba4 Rxg4 38. Be8 e4 39. Ka2 Rf4 40. Rg1
Kh6 41. Kxa3 Rf8 42. Bg6 Rb8 43. Rb1 e3 44. c3 g4 45. Ka2 Rb3 46. Re1 b1=Q+ 47.
Bxb1 Rxc3 48. Bg6 Rb3 49. Bc2 Rb5 50. Rxe3 Rxd5 51. Bg6 c5 52. Kb2 Rg5 53. Rg3
Rxh5 54. Bxh5 Kxh5 55. Kc2 Kh4 56. Rg1 g3 57. Kd2 Kh3 58. Ke2 Kh2 59. Rc1 g2
60. Kf2 c3 61. Rg1 c2 62. Rxg2+ Kh3 63. Rg1 1-0

[Event "ENCI Limburg-open B"]
[Site "Maastricht"]
[Date "2008.05.11"]
[Round "4"]
[White "Vandersmissen, Hans"]
[Black "Van Liempt, Michael"]
[Result "1-0"]
[WhiteElo "1530"]
[BlackElo "1788"]
[PlyCount "45"]
[EventDate "2008.05.09"]
[EventType "swiss"]
[EventRounds "7"]
[EventCountry "NED"]
[Source "P.Boonen"]
[SourceDate "2010.01.01"]

1. e4 d6 2. d4 Nf6 3. Nc3 g6 4. Be3 Bg7 5. Qd2 O-O 6. Bh6 Nbd7 7. Bxg7 Kxg7 8.
Bd3 c5 9. Nf3 cxd4 10. Nxd4 Qb6 11. Nde2 Nc5 12. h4 Ng4 13. Nf4 Nxf2 14. Qxf2
Qxb2 15. Kd2 Bg4 16. Rab1 Qa3 17. h5 Rac8 18. h6+ Kg8 19. Nfd5 Rfe8 20. Qd4 Ne6
21. Qb4 Qxb4 22. Rxb4 Nc5 23. e5 1-0

[Event "ENCI Limburg-open B"]
[Site "Maastricht"]
[Date "2008.05.11"]
[Round "4"]
[White "Visse, Bernard"]
[Black "Slangen Knuit, Dien"]
[Result "1-0"]
[WhiteElo "1518"]
[BlackElo "1297"]
[PlyCount "63"]
[EventDate "2008.05.09"]
[EventType "swiss"]
[EventRounds "7"]
[EventCountry "NED"]
[Source "P.Boonen"]
[SourceDate "2010.01.01"]

1. Nf3 d5 2. g3 Nf6 3. Bg2 e6 4. d3 Nbd7 5. O-O Be7 6. Re1 O-O 7. e4 dxe4 8.
dxe4 e5 9. Nbd2 Bc5 10. c3 b6 11. Nc4 Ng4 12. Ne3 Ngf6 13. b4 Bxe3 14. Rxe3 Bb7
15. Nd2 Re8 16. Qe2 Rc8 17. Bb2 c5 18. a3 a6 19. Nc4 Nb8 20. Rd1 Qe7 21. Nxb6
Rcd8 22. Nd5 Nxd5 23. exd5 Bxd5 24. Bxd5 Qf6 25. c4 Nd7 26. Rf3 Qg5 27. Bxf7+
Kh8 28. Bxe8 Rxe8 29. Rxd7 Qh5 30. Qxe5 Qg6 31. Qxg7+ Qxg7 32. Bxg7+ 1-0

[Event "ENCI Limburg-open B"]
[Site "Maastricht"]
[Date "2008.05.11"]
[Round "4"]
[White "Wallace, Gavin"]
[Black "De Graaf, Arnoud"]
[Result "0-1"]
[WhiteElo "1605"]
[BlackElo "1818"]
[PlyCount "92"]
[EventDate "2008.05.09"]
[EventType "swiss"]
[EventRounds "7"]
[EventCountry "NED"]
[Source "P.Boonen"]
[SourceDate "2010.01.01"]

1. e4 d6 2. d4 Nf6 3. Nc3 g6 4. f4 Bg7 5. Bc4 O-O 6. Nf3 c5 7. e5 dxe5 8. fxe5
Ng4 9. Ng5 cxd4 10. Nxf7 Rxf7 11. Bxf7+ Kxf7 12. O-O+ Kg8 13. Nb5 Nc6 14. Bf4
a6 15. h3 Ngxe5 16. Bxe5 Bxe5 17. Na3 Be6 18. Qd3 Qd5 19. Qb3 Qd7 20. Qd3 b5
21. Rad1 Qd6 22. c3 Bxa2 23. Ra1 Be6 24. Nxb5 Qc5 25. Nxd4 Nxd4 26. cxd4 Bxd4+
27. Kh1 Rb8 28. Rfc1 Qd5 29. Qxa6 Bxh3 30. Rc2 Bd7 31. Qc4 Qxc4 32. Rxc4 Bxb2
33. Ra7 Be5 34. g4 Be6 35. Rc1 Bd6 36. Kg2 Bxg4 37. Kf2 Bf5 38. Ke3 h5 39. Ra5
h4 40. Rg1 Kf7 41. Rh1 h3 42. Rf1 Kf6 43. Ra6 Rb3+ 44. Kf2 Bd3 45. Rxd6+ exd6
46. Rh1 Be4 0-1

[Event "ENCI Limburg-open B"]
[Site "Maastricht"]
[Date "2008.05.11"]
[Round "4"]
[White "Werts, Frits"]
[Black "Brixius, Dirk"]
[Result "0-1"]
[WhiteElo "1642"]
[BlackElo "1839"]
[PlyCount "44"]
[EventDate "2008.05.09"]
[EventType "swiss"]
[EventRounds "7"]
[EventCountry "NED"]
[Source "P.Boonen"]
[SourceDate "2010.01.01"]

1. e4 d5 2. exd5 Qxd5 3. Nc3 Qd6 4. Nf3 Nf6 5. Be2 a6 6. O-O c5 7. d4 e6 8.
dxc5 Qxd1 9. Rxd1 Bxc5 10. h3 O-O 11. Bg5 Nbd7 12. Rd3 b5 13. a3 Bb7 14. Rad1
Nd5 15. Nxd5 Bxd5 16. Rxd5 exd5 17. Rxd5 Ra7 18. b4 Bb6 19. c4 bxc4 20. Bxc4
Rc8 21. Nd2 h6 22. Bf4 Nf6 0-1

[Event "ENCI Limburg-open B"]
[Site "Maastricht"]
[Date "2008.05.11"]
[Round "4"]
[White "Westra, Siebren"]
[Black "Suilen, Willem"]
[Result "0-1"]
[WhiteElo "1835"]
[BlackElo "1570"]
[PlyCount "106"]
[EventDate "2008.05.09"]
[EventType "swiss"]
[EventRounds "7"]
[EventCountry "NED"]
[Source "P.Boonen"]
[SourceDate "2010.01.01"]

1. e4 e5 2. Nf3 Nc6 3. Bc4 Nf6 4. Nc3 Nxe4 5. Nxe4 d5 6. Bxd5 Qxd5 7. Nc3 Qd8
8. h3 Bd6 9. d3 O-O 10. O-O b6 11. Ne4 Bb7 12. Nfd2 f5 13. Ng3 Qf6 14. Nc4 Bc5
15. Be3 Bxe3 16. Nxe3 Qe6 17. Nc4 Rad8 18. Nd2 Qd5 19. Nf3 Nd4 20. Re1 Rde8 21.
Nf1 Nxf3+ 22. Qxf3 Qxf3 23. gxf3 Bxf3 24. Re3 Bc6 25. Rae1 e4 26. dxe4 Bxe4 27.
Nd2 Bc6 28. Re7 Rxe7 29. Rxe7 Rf7 30. Re3 Rd7 31. Rc3 Bb7 32. Nf3 Bxf3 33. Rxf3
g6 34. a4 Kf7 35. Kg2 a6 36. Kg3 Rd4 37. Rc3 c5 38. Rb3 Rb4 39. Rxb4 cxb4 40.
h4 h6 41. c4 bxc3 42. bxc3 g5 43. c4 Ke6 44. hxg5 hxg5 45. f4 g4 46. Kg2 Kf6
47. Kg3 Ke6 48. Kg2 Kd6 49. Kg3 Kc7 50. Kh4 Kb7 51. Kg5 g3 52. Kxf5 g2 53. Ke6
g1=Q 0-1

[Event "ENCI Limburg-open B"]
[Site "Maastricht"]
[Date "2008.05.11"]
[Round "4"]
[White "Willen, Ronny"]
[Black "Raemakers, Karl"]
[Result "1-0"]
[WhiteElo "1812"]
[BlackElo "1540"]
[PlyCount "49"]
[EventDate "2008.05.09"]
[EventType "swiss"]
[EventRounds "7"]
[EventCountry "NED"]
[Source "P.Boonen"]
[SourceDate "2010.01.01"]

1. e4 e5 2. Nf3 Nf6 3. Nxe5 d6 4. Nf3 Nxe4 5. Nc3 f5 6. Bc4 Be7 7. O-O c6 8.
Re1 d5 9. Bb3 Be6 10. d3 Nxc3 11. bxc3 Kd7 12. Qe2 Bf6 13. Qxe6+ Kc7 14. Bf4+
Kb6 15. Rab1 Ka6 16. c4 Nd7 17. cxd5 Nc5 18. Bc4+ Ka5 19. Bd2+ Ka4 20. Rb4+ Ka3
21. Qxf5 g6 22. Qh3 Na6 23. Rb3+ Ka4 24. Bxa6 h5 25. Re4+ 1-0

[Event "ENCI Limburg-open B"]
[Site "Maastricht"]
[Date "2008.05.11"]
[Round "4"]
[White "Wissink, Sander"]
[Black "Franssen, John2"]
[Result "1-0"]
[WhiteElo "1894"]
[BlackElo "1799"]
[PlyCount "59"]
[EventDate "2008.05.09"]
[EventType "swiss"]
[EventRounds "7"]
[EventCountry "NED"]
[Source "P.Boonen"]
[SourceDate "2010.01.01"]

1. e4 c5 2. Nf3 d6 3. d4 cxd4 4. Nxd4 Nf6 5. Nc3 a6 6. Be3 e5 7. Nb3 Be6 8. Qd2
Ng4 9. Bg5 Nf6 10. O-O-O b5 11. f3 Nbd7 12. g4 h6 13. Be3 Rb8 14. Nd5 Bxd5 15.
exd5 Qc7 16. Qa5 Qb7 17. Bg2 Be7 18. h3 Bd8 19. Qe1 Qc7 20. f4 Rc8 21. Rd2 Be7
22. Rf1 a5 23. fxe5 dxe5 24. Re2 a4 25. Nd4 exd4 26. Bf4 Qc4 27. Rxe7+ Kd8 28.
Rf2 Re8 29. d6 b4 30. Rxe8+ 1-0

[Event "ENCI Limburg-open B"]
[Site "Maastricht"]
[Date "2008.05.11"]
[Round "5"]
[White "Andziulevicius, Kestutis"]
[Black "Camps, Jeroen"]
[Result "0-1"]
[WhiteElo "1732"]
[BlackElo "1447"]
[PlyCount "68"]
[EventDate "2008.05.09"]
[EventType "swiss"]
[EventRounds "7"]
[EventCountry "NED"]
[Source "P.Boonen"]
[SourceDate "2010.01.01"]

1. e4 c5 2. Nf3 d6 3. d4 cxd4 4. Nxd4 Nf6 5. Nc3 a6 6. Be2 e5 7. Nb3 Be7 8. Be3
b5 9. a3 O-O 10. O-O Bb7 11. Bd3 Nbd7 12. f4 Nc5 13. fxe5 Nfxe4 14. Nxc5 Nxc5
15. exd6 Bxd6 16. Bxh7+ Kxh7 17. Qh5+ Kg8 18. Bxc5 g6 19. Qh6 Bxc5+ 20. Kh1 Qb6
21. Rf4 Be3 22. Raf1 Qc6 23. Ne4 Qxe4 24. Rxe4 Bxh6 25. Re7 Bd5 26. h4 Be6 27.
Kh2 Rfe8 28. Rc7 Rec8 29. Rxc8+ Rxc8 30. c3 Rd8 31. Ra1 Bf4+ 32. Kg1 Bg3 33. a4
bxa4 34. Rc1 Bg4 0-1

[Event "ENCI Limburg-open B"]
[Site "Maastricht"]
[Date "2008.05.11"]
[Round "5"]
[White "Bamberger, Alberto"]
[Black "Bokern, Peter"]
[Result "1-0"]
[WhiteElo "1620"]
[BlackElo "1378"]
[PlyCount "69"]
[EventDate "2008.05.09"]
[EventType "swiss"]
[EventRounds "7"]
[EventCountry "NED"]
[Source "P.Boonen"]
[SourceDate "2010.01.01"]

1. Nc3 e5 2. d3 d5 3. e4 Nf6 4. Bg5 Bb4 5. Bd2 O-O 6. exd5 Bxc3 7. Bxc3 Qxd5 8.
Qf3 Qxf3 9. Nxf3 e4 10. Nd2 Re8 11. O-O-O e3 12. fxe3 Rxe3 13. Bxf6 gxf6 14.
Ne4 Kg7 15. Kd2 Bg4 16. Rc1 Rxe4 17. dxe4 Nc6 18. Bd3 Rd8 19. h3 Bh5 20. g4 Bg6
21. Rce1 Ne5 22. Ke3 c5 23. b3 a6 24. a4 Rc8 25. Rhg1 h6 26. h4 c4 27. bxc4
Nxc4+ 28. Kd4 Ne5 29. Ref1 Rh8 30. g5 Nd7 31. gxf6+ Nxf6 32. e5 Nh5 33. e6 Rd8+
34. Kc5 b6+ 35. Kc6 1-0

[Event "ENCI Limburg-open B"]
[Site "Maastricht"]
[Date "2008.05.11"]
[Round "5"]
[White "Boer, Jan"]
[Black "Auwens, Michel"]
[Result "0-1"]
[WhiteElo "1578"]
[BlackElo "1801"]
[PlyCount "86"]
[EventDate "2008.05.09"]
[EventType "swiss"]
[EventRounds "7"]
[EventCountry "NED"]
[Source "P.Boonen"]
[SourceDate "2010.01.01"]

1. d4 Nf6 2. c4 c5 3. d5 b5 4. cxb5 a6 5. b6 g6 6. Qb3 Bb7 7. Nc3 d6 8. e4 Nbd7
9. a4 Qxb6 10. Qxb6 Nxb6 11. a5 Nbd7 12. f4 e6 13. dxe6 fxe6 14. Bd3 Rc8 15.
Nf3 c4 16. Bc2 d5 17. e5 Ng4 18. Nd4 Kf7 19. h3 Nh6 20. g4 Bc5 21. Nce2 Ng8 22.
Ba4 Rc7 23. Bxd7 Rxd7 24. f5 Re7 25. Bg5 Re8 26. Rf1 Bxd4 27. Nxd4 exf5 28. e6+
Rxe6+ 29. Nxe6 Kxe6 30. gxf5+ gxf5 31. Kd2 d4 32. Rae1+ Be4 33. Bf4 Ne7 34. Rf3
Nd5 35. Bg3 Rc8 36. Ra3 Rc5 37. Rc1 f4 38. Bf2 Ne3 39. Rg1 c3+ 40. Kc1 cxb2+
41. Kxb2 Rc2+ 42. Kb3 Rxf2 43. Kb4 Nc2+ 0-1

[Event "ENCI Limburg-open B"]
[Site "Maastricht"]
[Date "2008.05.11"]
[Round "5"]
[White "Bokern, Paul"]
[Black "Hendrikse, Arnoud"]
[Result "1-0"]
[WhiteElo "1268"]
[BlackElo "1444"]
[PlyCount "143"]
[EventDate "2008.05.09"]
[EventType "swiss"]
[EventRounds "7"]
[EventCountry "NED"]
[Source "P.Boonen"]
[SourceDate "2010.01.01"]

1. e4 g6 2. d4 Bg7 3. Nf3 d6 4. Bc4 Nf6 5. Nc3 c6 6. d5 Bg4 7. O-O O-O 8. h3
Bxf3 9. Qxf3 Nbd7 10. Bg5 Ne5 11. Qe2 Nxc4 12. Qxc4 Rc8 13. Bxf6 Bxf6 14. Qd3
b5 15. dxc6 b4 16. Nd5 Bxb2 17. Rab1 Ba3 18. c7 Qd7 19. Rb3 Kg7 20. c3 e6 21.
Qd4+ f6 22. Nxf6 Rxf6 23. e5 Rf5 24. exd6+ Kg8 25. cxb4 Rd5 26. Qxa7 Rxd6 27.
Rxa3 Rxc7 28. Qa8+ Rc8 29. Qe4 Rd1 30. Rxd1 Qxd1+ 31. Kh2 Qd6+ 32. g3 Qb6 33.
Qe3 Qd6 34. Rd3 Qa6 35. a3 Rf8 36. Qe2 e5 37. Re3 Qa7 38. Rf3 Re8 39. Qc4+ Kg7
40. Qc5 Qb7 41. Re3 e4 42. Qd4+ Kg8 43. f3 Qc7 44. Rxe4 Rc8 45. Qd5+ Kg7 46.
Qe5+ Qxe5 47. Rxe5 Rc3 48. Re7+ Kg8 49. Ra7 Rxf3 50. b5 Rb3 51. a4 Rb4 52. Ra6
Kf8 53. a5 Rxb5 54. Ra7 Kg8 55. a6 Ra5 56. Kg2 h5 57. Kf3 Kf8 58. Ke4 Ra3 59.
Ra8+ Kf7 60. a7 Kg7 61. Ke5 Kh7 62. Kd6 Kg7 63. Kc6 Kf6 64. Rf8+ Ke5 65. a8=Q
Rxa8 66. Rxa8 Ke4 67. Ra3 Ke5 68. Ra4 Kf5 69. g4+ hxg4 70. Rxg4 Kf6 71. Kd7 Kf5
72. Ke7 1-0

[Event "ENCI Limburg-open B"]
[Site "Maastricht"]
[Date "2008.05.11"]
[Round "5"]
[White "Brixius, Dirk"]
[Black "Drose, Daniela"]
[Result "1/2-1/2"]
[WhiteElo "1839"]
[BlackElo "1735"]
[PlyCount "131"]
[EventDate "2008.05.09"]
[EventType "swiss"]
[EventRounds "7"]
[EventCountry "NED"]
[Source "P.Boonen"]
[SourceDate "2010.01.01"]

1. c4 c5 2. g3 g6 3. Bg2 Bg7 4. Nc3 Nc6 5. a3 Nf6 6. b4 cxb4 7. axb4 Nxb4 8.
Rb1 Nc6 9. d4 O-O 10. Ba3 d6 11. e4 Nd7 12. Nge2 Nb6 13. Qd3 Na5 14. c5 Nbc4
15. Bb4 dxc5 16. Bxc5 b6 17. Bb4 Ne5 18. Qd1 Nec6 19. Nd5 Nxb4 20. Nxb4 Bb7 21.
O-O Qd7 22. d5 Rfc8 23. Nf4 Rc4 24. Qe2 Qd6 25. Nc6 Bxc6 26. dxc6 e5 27. Nd5
Rxc6 28. Rfd1 Qe6 29. Qa6 Bf8 30. Rdc1 Qc8 31. Qf1 Nc4 32. Bh3 f5 33. Qe2 Nd6
34. Rxc6 Qxc6 35. Qa2 Qc4 36. Qxc4 Nxc4 37. exf5 gxf5 38. Bxf5 Nd2 39. Rc1 Bc5
40. Rd1 Nf3+ 41. Kg2 Nd4 42. Be4 Rf8 43. f4 exf4 44. Nxf4 a5 45. Bd5+ Kh8 46.
Kh3 b5 47. Re1 a4 48. Nh5 b4 49. Re5 Bd6 50. Rg5 h6 51. Rg7 Nf5 52. Rb7 Rb8 53.
Rd7 Be5 54. Ra7 a3 55. Bb3 Nd4 56. Bf7 Nb5 57. Re7 Bd6 58. Re6 Bf8 59. Rg6 Bg7
60. Rxg7 Nd6 61. Bg6 Rb5 62. Rh7+ Kg8 63. Nf6+ Kf8 64. Rd7 a2 65. Nh7+ Kg8 66.
Nf6+ 1/2-1/2

[Event "ENCI Limburg-open B"]
[Site "Maastricht"]
[Date "2008.05.11"]
[Round "5"]
[White "Cox, Maud"]
[Black "Van Herck, Rob"]
[Result "0-1"]
[WhiteElo "1295"]
[BlackElo "1516"]
[PlyCount "96"]
[EventDate "2008.05.09"]
[EventType "swiss"]
[EventRounds "7"]
[EventCountry "NED"]
[Source "P.Boonen"]
[SourceDate "2010.01.01"]

1. e4 d5 2. exd5 Nf6 3. Nc3 Nxd5 4. Nf3 Nxc3 5. bxc3 Bg4 6. d4 e6 7. Bd3 Be7 8.
O-O O-O 9. Qe2 Re8 10. Qe4 Bf5 11. Qxb7 Bxd3 12. cxd3 Nd7 13. Qe4 Nf6 14. Qe5
Bd6 15. Qe2 c6 16. Bg5 Be7 17. Ne5 Qc7 18. Rfe1 h6 19. Bf4 Bd6 20. Qe3 Nd5 21.
Qg3 Nxf4 22. Qxf4 f6 23. Qg3 fxe5 24. dxe5 Bc5 25. d4 Bb6 26. Rac1 Rac8 27. Re3
c5 28. Rd1 cxd4 29. cxd4 Bxd4 30. Red3 Bxe5 31. Qe3 Bxh2+ 32. Kh1 Bf4 33. Qd4
e5 34. Qd5+ Qf7 35. Qxf7+ Kxf7 36. Rd7+ Re7 37. R7d3 Rc2 38. Rf3 Ke6 39. g3 Bg5
40. Kg2 Rxa2 41. Re1 Rf7 42. Rxf7 Kxf7 43. Rxe5 Bf6 44. Rb5 a5 45. Rb7+ Kg6 46.
Rb6 Kh7 47. Ra6 Bd4 48. Kh1 Bxf2 0-1

[Event "ENCI Limburg-open B"]
[Site "Maastricht"]
[Date "2008.05.11"]
[Round "5"]
[White "Cromsigt, Jeroen"]
[Black "Van Meegen, Ruud"]
[Result "1/2-1/2"]
[WhiteElo "1860"]
[BlackElo "1688"]
[PlyCount "140"]
[EventDate "2008.05.09"]
[EventType "swiss"]
[EventRounds "7"]
[EventCountry "NED"]
[Source "P.Boonen"]
[SourceDate "2010.01.01"]

1. e4 c5 2. d4 cxd4 3. c3 dxc3 4. Nxc3 e6 5. Nf3 a6 6. Bc4 Nc6 7. O-O Bb4 8.
Qe2 Nge7 9. Rd1 O-O 10. Bd2 Ng6 11. a3 Be7 12. e5 Qc7 13. Re1 Ncxe5 14. Nxe5
Nxe5 15. Bxe6 dxe6 16. Qxe5 Qxe5 17. Rxe5 b5 18. Re2 Bb7 19. Ne4 Rfd8 20. Bc3
Rd7 21. Bb4 Bxb4 22. axb4 Bxe4 23. Rxe4 Rd2 24. g3 Rxb2 25. Rd4 Kf8 26. Rd7
Rxb4 27. Rb7 a5 28. Rd1 Kg8 29. Ra7 Rb8 30. Rdd7 Rf8 31. Rxa5 Rb1+ 32. Kg2 g6
33. Rb7 Kg7 34. Raxb5 Rxb5 35. Rxb5 Kf6 36. f4 Rd8 37. h4 h5 38. Rb7 Re8 39.
Ra7 e5 40. fxe5+ Rxe5 41. Ra2 Re4 42. Ra6+ Kf5 43. Ra5+ Re5 44. Ra2 f6 45. Rf2+
Ke6 46. Ra2 Re3 47. Ra6+ Kf7 48. Rb6 f5 49. Ra6 Re6 50. Ra5 Kf6 51. Rb5 g5 52.
hxg5+ Kxg5 53. Rb8 Rg6 54. Rb4 Kh6 55. Kf3 Kg5 56. Kg2 Rh6 57. Ra4 Rc6 58. Rb4
Rc2+ 59. Kf3 Rc3+ 60. Kg2 Rc6 61. Ra4 Rh6 62. Rb4 Rg6 63. Ra4 Kh6 64. Rb4 Rg4
65. Rb6+ Kg5 66. Rb8 Kf6 67. Rb6+ Kg7 68. Rb7+ Kh6 69. Rb6+ Rg6 70. Rb4 Kg5
1/2-1/2

[Event "ENCI Limburg-open B"]
[Site "Maastricht"]
[Date "2008.05.11"]
[Round "5"]
[White "Daamen, Roland"]
[Black "Doossche, Carlo"]
[Result "1-0"]
[WhiteElo "1647"]
[BlackElo "1836"]
[PlyCount "47"]
[EventDate "2008.05.09"]
[EventType "swiss"]
[EventRounds "7"]
[EventCountry "NED"]
[Source "P.Boonen"]
[SourceDate "2010.01.01"]

1. e4 e5 2. Nf3 Nc6 3. Bc4 Bc5 4. c3 Nf6 5. d4 exd4 6. cxd4 Bb4+ 7. Bd2 Nxe4 8.
Bxb4 Nxb4 9. Bxf7+ Kxf7 10. Qb3+ d5 11. Qxb4 Re8 12. O-O a5 13. Qa3 c6 14. Nc3
b5 15. Nxe4 Rxe4 16. Ne5+ Kg8 17. Nxc6 Qd7 18. Qc5 Bb7 19. Ne5 Qe8 20. Qb6 Qe7
21. Rac1 Ra6 22. Qc7 Qxc7 23. Rxc7 Rb6 24. Nd7 1-0

[Event "ENCI Limburg-open B"]
[Site "Maastricht"]
[Date "2008.05.11"]
[Round "5"]
[White "De Graaf, Arnoud"]
[Black "Whitmire, James David"]
[Result "0-1"]
[WhiteElo "1818"]
[BlackElo "1589"]
[PlyCount "80"]
[EventDate "2008.05.09"]
[EventType "swiss"]
[EventRounds "7"]
[EventCountry "NED"]
[Source "P.Boonen"]
[SourceDate "2010.01.01"]

1. Nf3 d5 2. c4 e6 3. d4 c5 4. g3 Nc6 5. Bg2 Nf6 6. O-O Be7 7. Na3 O-O 8. Bg5
h6 9. Bf4 a6 10. Rc1 Re8 11. dxc5 d4 12. Nc2 Bxc5 13. Ne5 Qb6 14. Nd3 Nh5 15.
Bd2 e5 16. Nxc5 Qxc5 17. e3 Nf6 18. b4 Qd6 19. b5 axb5 20. cxb5 Ne7 21. Bb4 Qb6
22. exd4 Bg4 23. f3 Bf5 24. Ne3 exd4 25. Bc5 Qxb5 26. Qxd4 Nc6 27. Qf4 Bd3 28.
Rfd1 b6 29. Bd4 Ra4 30. Rxc6 Qxc6 31. Rxd3 Nd5 32. Nxd5 Qxd5 33. Bf1 b5 34. Qd2
Rxa2 35. Qc3 Qh5 36. Bf2 Rea8 37. Rd1 b4 38. Qc7 Qxf3 39. Rd8+ Kh7 40. Bd3+ f5
0-1

[Event "ENCI Limburg-open B"]
[Site "Maastricht"]
[Date "2008.05.11"]
[Round "5"]
[White "De Lange, Marieke"]
[Black "Van Herck, Raf"]
[Result "0-1"]
[WhiteElo "1130"]
[BlackElo "1415"]
[PlyCount "60"]
[EventDate "2008.05.09"]
[EventType "swiss"]
[EventRounds "7"]
[EventCountry "NED"]
[Source "P.Boonen"]
[SourceDate "2010.01.01"]

1. e4 e6 2. Nc3 d5 3. d4 Bb4 4. Nge2 dxe4 5. a3 Bxc3+ 6. Nxc3 Nf6 7. Bc4 Nc6 8.
d5 exd5 9. Bxd5 Nxd5 10. Qxd5 O-O 11. Bg5 Qd7 12. O-O-O Qf5 13. Nxe4 h6 14. Be3
Be6 15. Qd3 Rad8 16. Ng3 Rxd3 17. Nxf5 Rxd1+ 18. Rxd1 Bxf5 19. Bf4 Rd8 20. Re1
Rd7 21. Re3 Bg4 22. f3 Be6 23. h4 Ne7 24. Re4 Nf5 25. Bh2 Rd4 26. Rxd4 Nxd4 27.
Bxc7 Nf5 28. Bd8 f6 29. h5 Bf7 30. g4 Nd4 0-1

[Event "ENCI Limburg-open B"]
[Site "Maastricht"]
[Date "2008.05.11"]
[Round "5"]
[White "De Mon, Gino"]
[Black "De Jong, Ti"]
[Result "0-1"]
[WhiteElo "1316"]
[BlackElo "1533"]
[PlyCount "64"]
[EventDate "2008.05.09"]
[EventType "swiss"]
[EventRounds "7"]
[EventCountry "NED"]
[Source "P.Boonen"]
[SourceDate "2010.01.01"]

1. e4 Nf6 2. e5 Nd5 3. c4 Nb6 4. d4 d6 5. Nf3 Bg4 6. exd6 exd6 7. Nc3 Be7 8.
Be2 O-O 9. O-O N8d7 10. Qd3 c6 11. Qe4 Nf6 12. Qe3 Re8 13. Qd3 h6 14. h3 Bxf3
15. Qxf3 Bf8 16. Bd2 Nbd7 17. Bd3 c5 18. d5 Ne5 19. Qg3 Nh5 20. Qe3 Nxc4 21.
Qf3 Nxd2 22. Qxh5 Nxf1 23. Kxf1 Re5 24. Qf3 Qe7 25. Be4 Re8 26. g3 a6 27. Rb1
b5 28. b4 g6 29. bxc5 dxc5 30. Rd1 Qd6 31. Qf4 b4 32. Na4 Rxe4 0-1

[Event "ENCI Limburg-open B"]
[Site "Maastricht"]
[Date "2008.05.11"]
[Round "5"]
[White "Dirksen, Pieter"]
[Black "Muyrers, Cyril"]
[Result "0-1"]
[WhiteElo "1518"]
[BlackElo "1766"]
[PlyCount "74"]
[EventDate "2008.05.09"]
[EventType "swiss"]
[EventRounds "7"]
[EventCountry "NED"]
[Source "P.Boonen"]
[SourceDate "2010.01.01"]

1. e4 c5 2. Nf3 Nc6 3. Bc4 e6 4. Nc3 a6 5. d3 b5 6. Bb3 Bb7 7. Bg5 f6 8. Bf4
Na5 9. a4 Nxb3 10. cxb3 b4 11. Ne2 d5 12. Ng3 Ne7 13. O-O Ng6 14. Be3 Bd6 15.
Rc1 Rc8 16. exd5 Bxd5 17. d4 c4 18. bxc4 Bxc4 19. Qc2 O-O 20. Rfd1 b3 21. Qb1
Qa5 22. Qa1 f5 23. Bd2 Qd5 24. Re1 Nf4 25. Bxf4 Bxf4 26. Rc3 Bc7 27. Qd1 Ba5
28. Re5 Qd8 29. Rc1 Bd5 30. Re3 Rxc1 31. Qxc1 f4 32. Rd3 fxg3 33. hxg3 Qa8 34.
Qd1 Qb7 35. Re3 Qb4 36. Ng5 Qd2 37. Qb1 Qxf2+ 0-1

[Event "ENCI Limburg-open B"]
[Site "Maastricht"]
[Date "2008.05.11"]
[Round "5"]
[White "Franssen, John2"]
[Black "Daemen, Jules"]
[Result "1-0"]
[WhiteElo "1799"]
[BlackElo "1595"]
[PlyCount "61"]
[EventDate "2008.05.09"]
[EventType "swiss"]
[EventRounds "7"]
[EventCountry "NED"]
[Source "P.Boonen"]
[SourceDate "2010.01.01"]

1. d4 Nf6 2. c4 g6 3. Nc3 d5 4. Nf3 Bg7 5. Qb3 e6 6. e3 O-O 7. Bd3 c6 8. O-O
Nbd7 9. Qc2 Re8 10. e4 dxe4 11. Nxe4 Nxe4 12. Bxe4 Qe7 13. Bd2 Nf6 14. Bd3 b6
15. Rfe1 Bb7 16. Rad1 Rad8 17. Bg5 Qf8 18. c5 h6 19. Bf4 Nd5 20. Be5 Nb4 21.
Qc4 bxc5 22. dxc5 Nxd3 23. Rxd3 Rxd3 24. Qxd3 Qxc5 25. Bxg7 Kxg7 26. Ne5 Qd5
27. Qc3 Kg8 28. Ng4 Kf8 29. Nf6 Qxa2 30. Nxe8 Kxe8 31. Rd1 1-0

[Event "ENCI Limburg-open B"]
[Site "Maastricht"]
[Date "2008.05.11"]
[Round "5"]
[White "Freriks, Oscar"]
[Black "Uiterwijk, Jos"]
[Result "0-1"]
[WhiteElo "1453"]
[BlackElo "1691"]
[PlyCount "86"]
[EventDate "2008.05.09"]
[EventType "swiss"]
[EventRounds "7"]
[EventCountry "NED"]
[Source "P.Boonen"]
[SourceDate "2010.01.01"]

1. e4 c5 2. Nf3 d6 3. d4 cxd4 4. Nxd4 Nf6 5. Nc3 g6 6. Bc4 Bg7 7. O-O O-O 8. f4
Nc6 9. Nde2 Qb6+ 10. Kh1 Bg4 11. Qd2 Rac8 12. Bb3 Bxe2 13. Qxe2 Nd4 14. Qd1
Nxb3 15. axb3 a6 16. Qe2 e6 17. f5 Nd7 18. Be3 Qc6 19. Bd2 Rce8 20. Bf4 exf5
21. Qd2 Bxc3 22. bxc3 Rxe4 23. Bxd6 Rfe8 24. Bf4 Re2 25. Rf2 Rxd2 26. Rxd2 Qe4
27. Bg3 Nf6 28. h3 Qc6 29. c4 Ne4 30. Rd3 Nxg3+ 31. Rxg3 Re2 32. Ra5 Qe4 33.
Rd5 f4 34. Rg4 h5 35. Rxh5 Kg7 36. Rd5 Rxc2 37. Rd1 Qe2 38. Rg1 f3 39. Rf4
fxg2+ 40. Kh2 Qe5 41. Kg3 g5 42. h4 Qxf4+ 43. Kh3 Qxh4# 0-1